Heteronyms Quiz Stats

 Plays Quiz Updated Sep 21, 2018

Score 0/20 Timer 06:00
1 Play Today
Definition 1 Heteronym % Correct
The 60th part of an hourMinute
94.4%
Being near in time, space, effect, or degreeClose
86.4%
Fluid in the eyeTear
73.8%
An injury to the bodyWound
70.8%
A natural movement of airWind
67.1%
A flexible strip of wood used for shooting arrowsBow
67%
A meal laid such that guests may serve themselvesBuffet
66.5%
A stringed musical instrumentBass
55.8%
A heavy, comparatively soft, malleable, metalLead
52%
Existing or occurring at this time or nowPresent
44.3%
Definition 1 Heteronym % Correct
A harvesting machineCombine
36.8%
An explanation offered as justificationExcuse
31.6%
GarbageRefuse
29.4%
One who is sickly or disabledInvalid
22.8%
Agricultural yields e.g. vegetables and fruits.Produce
17.8%
Something material that may be perceived by the sensesObject
13.5%
A struggle for superiority or victory; competitionContest
10.9%
The control unit of a mechanical or electronic systemConsole
10%
An inherent characteristicAttribute
6.4%
A specific plan or designProject
5.4%

You're not logged in!

Compare scores with friends on all Sporcle quizzes.
OR
Log In

Sporcle TV

Today on Sporcle TV


Watch our educational content, quiz creation guides, and fun videos on Sporcle TV.

Show Comments

Extras

Top Quizzes Today


Score Distribution

Your Account Isn't Verified!

In order to create a playlist on Sporcle, you need to verify the email address you used during registration. Go to your Sporcle Settings to finish the process.

Report this User

Report this user for behavior that violates our Community Guidelines.

Details: